[Event "BEL-chT2 0405"]
[Site "Belgium"]
[Date "2004.11.21"]
[Round "4"]
[White "Smits, Maykel"]
[Black "Froeyman, Helmut"]
[Result "1/2-1/2"]
[WhiteElo "2182"]
[BlackElo "2316"]
[PlyCount "35"]
[EventDate "2004.10.10"]
[EventType "team-swiss"]
[EventRounds "11"]
[EventCountry "BEL"]
[SourceTitle "EXT 2006"]
[Source "ChessBase"]
[SourceDate "2005.11.24"]
[SourceVersion "1"]
[SourceVersionDate "2005.11.24"]
[SourceQuality "1"]
[WhiteTeam "Boey Temse III"]
[BlackTeam "Deurne"]
[WhiteTeamCountry "BEL"]
[BlackTeamCountry "BEL"]

1. e4 e5 2. Nf3 Nc6 3. Nc3 Nf6 4. d4 exd4 5. Nxd4 Bb4 6. Nxc6 bxc6 7. Bd3 d5 8. exd5 cxd5 9. 0-0 0-0 10. Bg5 c6 11. Qf3 Be7 12. Rae1 Re8 13. h3 h6 14. Bh4 Be6 15. Ne2 Nd7 16. Bxe7 Qxe7 17. Nd4 Qd6 18. Qg3 1/2-1/2

[Event "OSKA op-A"]
[Site "Netherlands"]
[Date "2003.07.09"]
[Round "5"]
[White "Smits, Maykel"]
[Black "Senff, Martin"]
[Result "0-1"]
[WhiteElo "2149"]
[BlackElo "2452"]
[PlyCount "74"]
[EventDate "2003.09.??"]
[EventType "swiss"]
[EventRounds "6"]
[EventCountry "NED"]
[SourceTitle "EXT 2005"]
[Source "ChessBase"]
[SourceDate "2004.11.15"]
[SourceVersion "1"]
[SourceVersionDate "2004.11.15"]
[SourceQuality "1"]

1. e4 d6 2. f4 c6 3. Nf3 d5 4. Nc3 g6 5. d3 Bg7 6. Bd2 Nh6 7. h3 d4 8. Ne2 f5 9. e5 c5 10. g3 Nc6 11. Bg2 0-0 12. 0-0 Nf7 13. Qe1 Qb6 14. Rb1 Be6 15. c4 dxc3 16. bxc3 Qa6 17. Nc1 Rac8 18. Be3 b6 19. Rf2 Rfd8 20. Rd2 Bd5 21. g4 c4 22. d4 Kh8 23. g5 e6 24. h4 Ne7 25. Bh1 Kg8 26. Rh2 Be4 27. Rbb2 Nd5 28. Rbf2 b5 29. h5 Nh8 30. Nh4 Bxh1 31. Rxh1 Qa3 32. Bd2 Rb8 33. Rfh2 b4 34. hxg6 hxg6 35. Nf3 Kf7 36. Rh7 Rg8 37. cxb4 Qxf3 0-1

[Event "OSKA op-A"]
[Site "Netherlands"]
[Date "2003.06.09"]
[Round "2"]
[White "Dambacher, Martijn"]
[Black "Smits, Maykel"]
[Result "1-0"]
[WhiteElo "2387"]
[BlackElo "2149"]
[PlyCount "87"]
[EventDate "2003.09.??"]
[EventType "swiss"]
[EventRounds "6"]
[EventCountry "NED"]
[SourceTitle "EXT 2005"]
[Source "ChessBase"]
[SourceDate "2004.11.15"]
[SourceVersion "1"]
[SourceVersionDate "2004.11.15"]
[SourceQuality "1"]

1. d4 Nf6 2. c4 g6 3. Nc3 Bg7 4. e4 d6 5. Nf3 0-0 6. Be2 e5 7. 0-0 Nc6 8. d5 Ne7 9. b4 Nh5 10. Re1 h6 11. c5 f5 12. Nd2 Nf4 13. Bf1 fxe4 14. Ndxe4 Nf5 15. g3 Nd4 16. gxf4 Qh4 17. f3 Qxe1 18. Qxe1 Nxf3+ 19. Kf2 Nxe1 20. Kxe1 exf4 21. Kd2 Bf5 22. Nf2 Rae8 23. Bb2 Bd4 24. Nd3 g5 25. Nb5 Be3+ 26. Kd1 Re7 27. cxd6 cxd6 28. Nxd6 Bg4+ 29. Kc2 Rd8 30. Be5 Red7 31. Ne4 Bf5 32. Nf6+ Kf7 33. Nxd7 Rxd7 34. Bg2 Re7 35. Bd6 Re8 36. Bc7 Bb6 37. Bxb6 Re2+ 38. Kc3 axb6 39. Bf1 Rxh2 40. Re1 Rxa2 41. d6 Ra8 42. Kd4 Rd8 43. Kd5 Bd7 44. Ne5+ 1-0

[Event "Dieren op"]
[Site "Dieren"]
[Date "2001.07.18"]
[Round "2"]
[White "Smits, Maykel"]
[Black "Verholt, Gerard"]
[Result "1-0"]
[WhiteElo "2205"]
[BlackElo "2131"]
[PlyCount "93"]
[EventDate "2001.07.17"]
[EventType "swiss"]
[EventRounds "9"]
[EventCountry "NED"]
[SourceTitle "CBM 083 Extra"]
[Source "ChessBase"]
[SourceDate "2001.09.11"]
[SourceVersion "1"]
[SourceVersionDate "2001.09.11"]
[SourceQuality "1"]

1. e4 e5 2. Nf3 Nf6 3. Nc3 Nc6 4. d4 exd4 5. Nd5 Be7 6. Bf4 d6 7. Nxd4 0-0 8. Nb5 Nxd5 9. exd5 Nb4 10. Qd2 a5 11. c3 Na6 12. Bd3 Bf6 13. 0-0 Bd7 14. a4 Nc5 15. Bc2 Bxb5 16. axb5 Qd7 17. Qe2 b6 18. Rfe1 Rae8 19. Qc4 Qg4 20. f3 Qh4 21. g3 Qh5 22. Kg2 Be5 23. Bd2 f5 24. Re2 f4 25. g4 Qf7 26. Rae1 g6 27. h4 Qf6 28. g5 Qd8 29. Kh1 Qd7 30. Rh2 Re7 31. b4 axb4 32. cxb4 Nb7 33. h5 gxh5 34. Rxh5 Qe8 35. Rh6 Rg7 36. Qe4 Qe7 37. Rg1 Bb2 38. Re6 Qf7 39. g6 hxg6 40. Rgxg6 Rxg6 41. Rxg6+ Kh8 42. Rh6+ Kg8 43. Qe2 Re8 44. Be4 Re5 45. Qg2+ Kf8 46. Qh3 Rg5 47. Qc8+ 1-0